[Event "POR-ch U16"]
[Site "Luso"]
[Date "2017.04.09"]
[Round "2"]
[White "Ribeiro, Ana Beatriz GP"]
[Black "Lobo, Pedro"]
[Result "1-0"]
[WhiteElo "1411"]
[BlackElo "1138"]
[PlyCount "135"]
[EventDate "2017.04.08"]
[EventType "swiss"]
[EventRounds "7"]
[EventCountry "POR"]
[SourceTitle "EXT 2018"]
[Source "ChessBase"]
[SourceDate "2017.10.13"]
[SourceVersion "1"]
[SourceVersionDate "2017.10.13"]
[SourceQuality "1"]

1. e4 c5 2. g3 Nc6 3. Bg2 Nf6 4. d3 g6 5. c3 Bg7 6. Ne2 0-0 7. 0-0 d6 8. Nd2 Bd7 9. Nc4 b5 10. Ne3 Rb8 11. Qc2 a5 12. Bd2 b4 13. Rfb1 Qc7 14. a4 bxc3 15. bxc3 Qc8 16. f3 Bh6 17. Nf1 Bxd2 18. Nxd2 Bh3 19. Ra2 Bxg2 20. Kxg2 Rxb1 21. Nxb1 Qc7 22. Na3 Rb8 23. Rb2 Rxb2 24. Qxb2 Qb8 25. Qxb8+ Nxb8 26. Nc4 Nc6 27. Nc1 d5 28. Nd2 dxe4 29. dxe4 Nd7 30. Ndb3 Nb6 31. Nxc5 Kg7 32. Kf2 Kf6 33. N1b3 h5 34. Nd4 Nxd4 35. cxd4 e6 36. Ke2 Ke7 37. Kd3 Kd6 38. Nb7+ Kc7 39. Nxa5 Nxa4 40. Nc4 Kd7 41. f4 f6 42. h3 Kc6 43. g4 h4 44. g5 f5 45. Ne5+ Kd6 46. Nxg6 fxe4+ 47. Kxe4 Nc3+ 48. Ke3 Nd5+ 49. Kf3 Kd7 50. Nxh4 Ke8 51. Ng6 Kf7 52. Ne5+ Kg7 53. h4 Ne7 54. h5 Nf5 55. h6+ Nxh6 56. gxh6+ Kxh6 57. Ke4 Kg7 58. Ng4 Kf7 59. Ke5 Ke7 60. Nf2 Kf7 61. Ne4 Ke7 62. Ng5 Kd7 63. Nxe6 Ke7 64. Ng7 Kf7 65. d5 Kxg7 66. Ke6 Kf8 67. Kd7 Kf7 68. Kc7 1-0

[Event "POR-ch U16"]
[Site "Luso"]
[Date "2017.04.08"]
[Round "1"]
[White "Fernandes, Joao Pedro Murtinho"]
[Black "Ribeiro, Ana Beatriz GP"]
[Result "1-0"]
[WhiteElo "1834"]
[BlackElo "1411"]
[PlyCount "53"]
[EventDate "2017.04.08"]
[EventType "swiss"]
[EventRounds "7"]
[EventCountry "POR"]
[SourceTitle "EXT 2018"]
[Source "ChessBase"]
[SourceDate "2017.10.13"]
[SourceVersion "1"]
[SourceVersionDate "2017.10.13"]
[SourceQuality "1"]

1. e4 e5 2. Nf3 d6 3. Bc4 Nf6 4. d3 Nc6 5. Ng5 d5 6. exd5 Nxd5 7. Qf3 Be6 8. Nxe6 fxe6 9. 0-0 Be7 10. Nc3 Nxc3 11. bxc3 Qd7 12. Qg4 Bf6 13. Bxe6 Qe7 14. a4 Nd8 15. Bc4 Nf7 16. Ba3 c5 17. Bb5+ Kd8 18. Bxc5 Qc7 19. a5 Rc8 20. Bxa7 Qd6 21. d4 Rxc3 22. Bb6+ Ke7 23. Bc5 Rxc5 24. dxc5 Qd5 25. Rad1 Qxc5 26. Qd7+ Kf8 27. Qe8# 1-0

[Event "Famalicao op 2nd"]
[Site "Famalicao"]
[Date "2014.09.04"]
[Round "5"]
[White "Romano, Joao Manuel Pereira"]
[Black "Ribeiro, Ana Beatriz GP"]
[Result "1-0"]
[WhiteElo "1692"]
[BlackElo "1458"]
[PlyCount "93"]
[EventDate "2014.09.01"]
[EventType "swiss"]
[EventRounds "7"]
[EventCountry "POR"]
[SourceTitle "EXT 2018"]
[Source "ChessBase"]
[SourceDate "2017.10.13"]
[SourceVersion "1"]
[SourceVersionDate "2017.10.13"]
[SourceQuality "1"]

1. Nf3 d5 2. b3 Nf6 3. Bb2 Bf5 4. e3 Nbd7 5. Be2 e6 6. c4 Bd6 7. d4 c6 8. 0-0 0-0 9. Nbd2 Ne4 10. Ne5 Nxd2 11. Qxd2 Nxe5 12. dxe5 Bc7 13. Rad1 Qg5 14. f4 Qe7 15. Qc3 Be4 16. Bf3 Bxf3 17. Rxf3 Qc5 18. Qd4 Bb6 19. Qxc5 Bxc5 20. Bd4 Bb6 21. c5 Bc7 22. g4 Rfe8 23. Rdf1 Rac8 24. Kf2 b6 25. Ke2 b5 26. Kd3 Rf8 27. Bc3 Rcd8 28. R3f2 a5 29. a3 g6 30. h4 Rd7 31. Rh1 Bd8 32. Rfh2 Ra7 33. h5 Re8 34. Bb2 Rf8 35. f5 g5 36. h6 exf5 37. gxf5 f6 38. exf6 Bxf6 39. Rg1 Bxb2 40. Rxg5+ Bg7 41. Rhg2 Kh8 42. hxg7+ Rxg7 43. Rxg7 Rc8 44. f6 Rf8 45. f7 h5 46. Rg8+ Rxg8 47. fxg8Q# 1-0

[Event "Famalicao op 1st"]
[Site "Famalicao"]
[Date "2013.08.29"]
[Round "8.9"]
[White "Silva, Luis Neves Da"]
[Black "Ribeiro, Ana Beatriz GP"]
[Result "1-0"]
[WhiteElo "2199"]
[BlackElo "1439"]
[PlyCount "103"]
[EventDate "2013.08.26"]
[EventType "swiss"]
[EventRounds "9"]
[EventCountry "POR"]
[SourceTitle "EXT 2015"]
[Source "ChessBase"]
[SourceDate "2014.11.20"]
[SourceVersion "1"]
[SourceVersionDate "2014.11.20"]
[SourceQuality "1"]

1. b3 e6 2. Bb2 d5 3. e3 c5 4. Nf3 Nc6 5. Bb5 Bd7 6. Bxc6 bxc6 7. d3 Nf6 8. Ne5 Bd6 9. f4 Qc7 10. g4 Ke7 11. g5 Ne8 12. Qh5 Bxe5 13. Bxe5 Qb6 14. Bb2 c4 15. d4 cxb3 16. axb3 Nd6 17. Ba3 Rad8 18. Bxd6+ Kxd6 19. Qxf7 g6 20. Qg7 Qb4+ 21. Nd2 Ra8 22. c4 Qb8 23. c5+ Kc7 24. Qe5+ Kb7 25. Nf3 Qxe5 26. Nxe5 Kc7 27. Kd2 a5 28. h4 Rhb8 29. Ra3 Be8 30. Ng4 Bf7 31. Nf6 Rh8 32. Rha1 Rhb8 33. Rxa5 Rxa5 34. Rxa5 Rxb3 35. Ra7+ Rb7 36. Rxb7+ Kxb7 37. Nxh7 Ka6 38. Nf6 Kb5 39. Kc3 Ka4 40. Ng4 Ka3 41. Ne5 Be8 42. h5 gxh5 43. g6 Bxg6 44. Nxg6 Ka4 45. Kd3 Kb4 46. Nf8 h4 47. Ke2 Kc3 48. Nxe6 h3 49. Kf2 Kd3 50. f5 h2 51. Kg2 Kxe3 52. f6 1-0

[Event "Famalicao op 1st"]
[Site "Famalicao"]
[Date "2013.08.26"]
[Round "1.9"]
[White "Silva, Armando Sousa"]
[Black "Ribeiro, Ana Beatriz GP"]
[Result "1-0"]
[WhiteElo "1976"]
[BlackElo "1439"]
[PlyCount "113"]
[EventDate "2013.08.26"]
[EventType "swiss"]
[EventRounds "9"]
[EventCountry "POR"]
[SourceTitle "EXT 2015"]
[Source "ChessBase"]
[SourceDate "2014.11.20"]
[SourceVersion "1"]
[SourceVersionDate "2014.11.20"]
[SourceQuality "1"]

1. f4 d5 2. Nf3 Nc6 3. e3 Bf5 4. Bb5 Bd7 5. 0-0 e6 6. c4 a6 7. Bxc6 Bxc6 8. cxd5 exd5 9. Nc3 Bd6 10. Nd4 Qd7 11. Nxc6 Qxc6 12. Qg4 g6 13. b3 f5 14. Qf3 Nf6 15. Bb2 Rf8 16. Rac1 Ne4 17. Qe2 Nxc3 18. Rxc3 Qb6 19. Qd3 0-0-0 20. Kh1 Kb8 21. Rfc1 Rfe8 22. R3c2 c6 23. Bf6 Be7 24. Bd4 Qb5 25. Qc3 Bb4 26. Qb2 Qa5 27. Be5+ Ka8 28. a4 Bd6 29. d4 Qc7 30. b4 Qe7 31. Rb1 Rd7 32. b5 Rb8 33. Qc3 cxb5 34. axb5 Rc7 35. Qd2 Rbc8 36. Rxc7 Qxc7 37. bxa6 bxa6 38. h3 Rb8 39. Rc1 Qb6 40. Qa2 Rb7 41. Qxd5 Bxe5 42. fxe5 Qb5 43. Rc8+ Ka7 44. Qd8 Rb8 45. Qc7+ Qb7 46. Qc5+ Qb6 47. Rc6 Qxc5 48. Rxc5 Rb3 49. e6 Rxe3 50. Re5 Rc3 51. e7 Rc8 52. e8Q Rxe8 53. Rxe8 Kb6 54. Rc8 a5 55. d5 a4 56. d6 a3 57. d7 1-0